Trabajo y empleo en el Bicentenario : (Record no. 4587)
[ view plain ]
| 000 -LEADER | |
|---|---|
| fixed length control field | 00551nam a22001457a 4500 |
| 008 - FIXED-LENGTH DATA ELEMENTS--GENERAL INFORMATION | |
| fixed length control field | 190315b ||||| |||| 00| 0 spa d |
| 082 14 - DEWEY DECIMAL CLASSIFICATION NUMBER | |
| Edition number | 14 |
| Classification number | 331.1 |
| 245 10 - TITLE STATEMENT | |
| Title | Trabajo y empleo en el Bicentenario : |
| Remainder of title | cambio en la dinámica del empleo y la protección social para la inclusión período 2003-2010. / |
| Statement of responsibility, etc | Ministerio de Trabajo, Empleo y Seguridad Social. |
| 260 ## - PUBLICATION, DISTRIBUTION, ETC. (IMPRINT) | |
| Place of publication, distribution, etc | Buenos Aires : |
| Name of publisher, distributor, etc | El Ministerio, |
| Date of publication, distribution, etc | 2010. |
| 300 ## - PHYSICAL DESCRIPTION | |
| Extent | 84 p. |
| 650 #0 - SUBJECT ADDED ENTRY--TOPICAL TERM | |
| 9 (RLIN) | 606 |
| Topical term or geographic name as entry element | TRABAJO |
| 650 #0 - SUBJECT ADDED ENTRY--TOPICAL TERM | |
| 9 (RLIN) | 1295 |
| Topical term or geographic name as entry element | MERCADO DE TRABAJO |
| 650 #0 - SUBJECT ADDED ENTRY--TOPICAL TERM | |
| 9 (RLIN) | 4460 |
| Topical term or geographic name as entry element | POLÍTICA LABORAL |
| 942 ## - ADDED ENTRY ELEMENTS (KOHA) | |
| Source of classification or shelving scheme | Dewey Decimal Classification |
| Item type | Libro, folleto, traducción |
| 980 ## - EQUIVALENCE OR CROSS-REFERENCE-SERIES STATEMENT--PERSONAL NAME/TITLE [LOCAL, CANADA] | |
| Field link and sequence number | 2 |
| Miscellaneous information | Virginia Figueroa |
| Withdrawn status | Lost status | Source of classification or shelving scheme | Damaged status | Not for loan | Home library | Current library | Date acquired | Source of acquisition | Total Checkouts | Total Renewals | Full call number | Barcode | Date last seen | Date last borrowed | Price effective from | Koha item type |
|---|---|---|---|---|---|---|---|---|---|---|---|---|---|---|---|---|
| Dewey Decimal Classification | Biblioteca Central | Biblioteca Central | 15/03/2019 | Donación | 1 | 3 | 331.1 TRA | UNAJ19030029 | 28/10/2025 | 03/10/2025 | 15/03/2019 | Libro, folleto, traducción |